<?xml version="1.0" encoding="UTF-8"?>
<record
    xmlns:xsi="http://www.w3.org/2001/XMLSchema-instance"
    xsi:schemaLocation="http://www.loc.gov/MARC21/slim http://www.loc.gov/standards/marcxml/schema/MARC21slim.xsd"
    xmlns="http://www.loc.gov/MARC21/slim">

  <leader>00579nam a22001817a 4500</leader>
  <datafield tag="999" ind1=" " ind2=" ">
    <subfield code="c">290007</subfield>
    <subfield code="d">290007</subfield>
  </datafield>
  <controlfield tag="003">OSt</controlfield>
  <datafield tag="020" ind1=" " ind2=" ">
    <subfield code="a">9788126474721</subfield>
  </datafield>
  <datafield tag="082" ind1=" " ind2=" ">
    <subfield code="a">813.2</subfield>
    <subfield code="b">MUK/AU</subfield>
  </datafield>
  <datafield tag="100" ind1=" " ind2=" ">
    <subfield code="a">Mukundan, M</subfield>
  </datafield>
  <datafield tag="245" ind1=" " ind2=" ">
    <subfield code="a">Autorickshawkkarante bharya</subfield>
    <subfield code="b">/&#xD13;&#xD1F;&#xD4D;&#xD1F;&#xD4B;&#xD31;&#xD3F;&#xD15;&#xD4D;&#xD37;&#xD3E;&#xD15;&#xD4D;&#xD15;&#xD3E;&#xD30;&#xD28;&#xD4D;&#x200D;&#xD31;&#xD46; &#xD2D;&#xD3E;&#xD30;&#xD4D;&#xD2F;</subfield>
  </datafield>
  <datafield tag="260" ind1=" " ind2=" ">
    <subfield code="a">Kottayam</subfield>
    <subfield code="b">D C Books</subfield>
    <subfield code="c">2016</subfield>
  </datafield>
  <datafield tag="300" ind1=" " ind2=" ">
    <subfield code="a">96p.</subfield>
  </datafield>
  <datafield tag="500" ind1=" " ind2=" ">
    <subfield code="a">Autorickshawkkarante bharya
</subfield>
  </datafield>
  <datafield tag="500" ind1=" " ind2=" ">
    <subfield code="a">&#xD13;&#xD1F;&#xD4D;&#xD1F;&#xD4B;&#xD31;&#xD3F;&#xD15;&#xD4D;&#xD37;&#xD3E;&#xD15;&#xD4D;&#xD15;&#xD3E;&#xD30;&#xD28;&#xD4D;&#x200D;&#xD31;&#xD46; &#xD2D;&#xD3E;&#xD30;&#xD4D;&#xD2F;</subfield>
  </datafield>
  <datafield tag="546" ind1=" " ind2=" ">
    <subfield code="a">Malayalam</subfield>
  </datafield>
  <datafield tag="650" ind1=" " ind2=" ">
    <subfield code="a">Malayalm short story</subfield>
  </datafield>
  <datafield tag="942" ind1=" " ind2=" ">
    <subfield code="2">ddc</subfield>
    <subfield code="c">BK</subfield>
  </datafield>
  <datafield tag="952" ind1=" " ind2=" ">
    <subfield code="0">0</subfield>
    <subfield code="1">0</subfield>
    <subfield code="2">ddc</subfield>
    <subfield code="4">0</subfield>
    <subfield code="7">0</subfield>
    <subfield code="8">Gen</subfield>
    <subfield code="a">KAUCLV</subfield>
    <subfield code="b">KAUCLV</subfield>
    <subfield code="c">GENERAL</subfield>
    <subfield code="d">2022-11-19</subfield>
    <subfield code="g">110.00</subfield>
    <subfield code="l">5</subfield>
    <subfield code="m">1</subfield>
    <subfield code="o">813.2 MUK/AU</subfield>
    <subfield code="p">232151</subfield>
    <subfield code="r">2025-12-15 16:00:00</subfield>
    <subfield code="s">2025-12-01</subfield>
    <subfield code="y">BK</subfield>
  </datafield>
  <datafield tag="952" ind1=" " ind2=" ">
    <subfield code="0">0</subfield>
    <subfield code="1">0</subfield>
    <subfield code="2">ddc</subfield>
    <subfield code="4">0</subfield>
    <subfield code="7">0</subfield>
    <subfield code="8">Gen</subfield>
    <subfield code="a">KAUCLV</subfield>
    <subfield code="b">KAUCLV</subfield>
    <subfield code="c">GENERAL</subfield>
    <subfield code="d">2026-01-08</subfield>
    <subfield code="g">120.00</subfield>
    <subfield code="l">1</subfield>
    <subfield code="o">813.2 MUK/AU</subfield>
    <subfield code="p">232821</subfield>
    <subfield code="q">2026-05-05</subfield>
    <subfield code="r">2026-03-30 09:28:55</subfield>
    <subfield code="s">2026-03-30</subfield>
    <subfield code="w">2026-01-08</subfield>
    <subfield code="y">BK</subfield>
  </datafield>
</record>
